Click the Correct U.S. State - Statistics

General Stats
  • This quiz has been taken 2,068 times
  • The average score is 15 of 23
Answer Stats
Hint Answer % Correct
Largest state by area Alaska
93%
Is surrounded by water Hawaii
90%
Smallest state by area Rhode Island
90%
Largest state by population California
88%
Is named after a president Washington
82%
Contains Kansas City Missouri
78%
Where the fast food franchise KFC is from Kentucky
77%
Borders only one other state Maine
72%
Borders Canada at Niagara Falls New York
69%
Smallest state by population Wyoming
68%
Is the southernmost contiguous state Florida
67%
Contains the mouth of the Mississippi River Louisiana
65%
Has the highest average elevation Colorado
64%
Has the world's busiest ariport Georgia
60%
Includes the Upper and Lower Peninsulas Michigan
60%
Was most recently added to the union Hawaii
59%
Has an NBA team called the Jazz Utah
59%
Recorded the hottest temperature ever California
54%
Has the highest Hispanic population by % New Mexico
54%
Was annexed by the U.S. in 1845 Texas
53%
Receives the most international tourists New York
50%
Contains the source of the Mississippi River Minnesota
49%
Is home to two of the top five richest people in the world Washington
42%
No matching quizzes found
Score Distribution
Percent of People with Each Score
Percentile by Number Answered
Your Score History
You have not taken this quiz